Catalog

Record Details

Catalog Search



What the jews believe  Cover Image Book Book

What the jews believe / Philip S. Bernstein

Record details

  • Physical Description: 98 stran : ilustrace ; 21 cm
  • Edition: First British revised edition
  • Publisher: London : W. H. Allen, 1960

Available copies

  • 1 of 1 copy available at Common Catalog SPOK.

Holds

  • 0 current holds with 1 total copy.
Show Only Available Copies
Location Call Number / Copy Notes Barcode Shelving Location Status Due Date
The Jewish community of Prague J 145 4638304754 J - Judaika Available -

LDR 00922cam a22003012 4500
00157213
003CZ-PrJAB
00520211017183548.0
007tu
008980702s1960 xxk||||| 00| ||eng d
035 . ‡a(DE-627)1136770569
035 . ‡a(DE-576)066770564
035 . ‡a(DE-599)BSZ066770564
040 . ‡aDE-627 ‡bger ‡cDE-627 ‡erda
041 . ‡aeng
1001 . ‡aBernstein, Philip S., ‡d1901-1985 ‡4aut
24510. ‡aWhat the jews believe / ‡cPhilip S. Bernstein
250 . ‡aFirst British revised edition
264 1. ‡aLondon : ‡bW. H. Allen, ‡c1960
300 . ‡a98 stran : ‡bilustrace ; ‡c21 cm
336 . ‡atext ‡btxt ‡2rdacontent
337 . ‡abez média ‡bn ‡2rdamedia
338 . ‡asvazek ‡bnc ‡2rdacarrier
653 . ‡asvátky židovské
653 . ‡anáboženství židovské
910 . ‡aABE461
995 . ‡aska
901 . ‡a57213 ‡bAUTOGEN ‡c57213 ‡tbiblio

Additional Resources